000 01587cam a2200301 4500
001 ABS67699
008 040423n2004 000 0 eng u
035 _a(Sirsi) u125936
100 _aMorris, H.
245 2 _aA place for heritage decision-making
260 _c2004
490 _aPlanning (for the Natural and Built Environment)
_v(1564) 9 April 2004, 14-15(2)
520 _aEnglish Heritage is developing a number of training initiatives over the forthcoming months aimed at increasing awareness of historic environment issues amongst individuals involved in the planning process. Historic Environment Local Management (HELM) a web-orientated training program for councillors and officers aims to improve planning decisions that have impact on the historic environment throughout local and regional government. Discusses the ODPM's role in improving the historic environment and its support for projects such as those being launched by English Heritage. Lists facts, figures and attitudes to local heritage in the UK. Further information on HELM may be viewed at www.helm.org.uk.
590 _aABS
590 _aABS
650 _aHERITAGE PROTECTION
650 _aHISTORIC ENVIRONMENT
650 _aBUILT ENVIRONMENT
650 _aENGLISH HERITAGE
650 _aHELM
650 _aPLANNING PROCESS
650 _aPLANNING DECISIONS
650 _aCAREERS, EDUCATION AND TRAINING
690 _aBUILDING CONSERVATION
856 _uhttps://www.helm.org.uk
_zView the HELM website...
856 _uhttps://www.helm.org.uk
_zView the HELM website...
942 _n0
999 _c117235
_d117235